Entry Nombre personal
001 - NÚMERO DE CONTROL
- campo de control: 74917
003 - IDENTIFICADOR DE NÚMERO DE CONTROL
- campo de control: SpMaBN
005 - FECHA Y HORA DE LA ÚLTIMA TRANSACCIÓN
- campo de control: 20231221195515.0
008 - ELEMENTOS DE DATO DE LONGITUD-FIJA
- campo de control de longitud fija: 901120n| aijnnaabn a aaa
016 ## - NÚMERO DE CONTROL DE UNA AGENCIA BIBLIOGRÁFICA NACIONAL
- Número de control del registro: BNE19900214085
024 7# - IDENTIFICADOR DE OTROS ESTÁNDARES
- Número estándar o código: http://viaf.org/viaf/13106980/
- Fuente: viaf
024 8# - IDENTIFICADOR DE OTROS ESTÁNDARES
- Número estándar o código: https://data.cervantesvirtual.com/person/70537
024 8# - IDENTIFICADOR DE OTROS ESTÁNDARES
- Número estándar o código: https://data.cervantesvirtual.com/person/1561
024 7# - IDENTIFICADOR DE OTROS ESTÁNDARES
- Número estándar o código: https://isni.org/isni/0000000080928263
- Fuente: isni
024 7# - IDENTIFICADOR DE OTROS ESTÁNDARES
- Número estándar o código: http://www.wikidata.org/entity/Q4356395
- Fuente: wikidata
040 ## - FUENTE DE CATALOGACIÓN
- Centro catalogador/agencia de origen: SpMaBN
- Lengua de catalogación: spa
- Centro/agencia transcriptor: SpMaBN
- Normas de descripción: rdc
- Convención/Normas de encabezamiento de materia/tesauro: embne
046 ## - FECHAS CON CODIFICACIÓN ESPECIAL
- Fecha de nacimiento: 1889
- Fecha de la muerte: 1959
100 1# - ENCABEZAMIENTO-NOMBRE DE PERSONA
- Nombre de persona: Luzuriaga, Lorenzo,
- Fechas asociadas al nombre: 1889-1959
370 ## - LUGAR ASOCIADO
- Lugar de nacimiento: Valdepeñas
- Número de control del registro de autoridad o número normalizado: XX451906
- Fuente de información: Wikidata
373 ## - GRUPO ASOCIADO
- Grupo asociado: Ateneo de Madrid
- Fuente de información: Web del Ateneo
374 ## - OCUPACIÓN
- Ocupación: Pedagogos
- Ocupación: Profesores
- Fuente de información: Wikidata
375 ## - GÉNERO/SEXO
- Género: Masculino
400 1# - TRAZADO DE VÉASE--NOMBRE DE PERSONA
- Nombre de persona: Luzuriaga, L.,
- Fechas asociadas al nombre: 1889-1959
400 1# - TRAZADO DE VÉASE--NOMBRE DE PERSONA
- Nombre de persona: Luzuriaga Medina, Lorenzo,
- Fechas asociadas al nombre: 1889-1959
400 1# - TRAZADO DE VÉASE--NOMBRE DE PERSONA
- Nombre de persona: Luzuriaga y Medina, Lorenzo,
- Fechas asociadas al nombre: 1889-1959
670 ## - FUENTE DE DATOS ENCONTRADOS
- Cita de la fuente: Bibliotecas escolares, 1934
- Información encontrada: port. (Lorenzo Luzuriaga)
670 ## - FUENTE DE DATOS ENCONTRADOS
- Cita de la fuente: En la Rusia comunista, 1921
- Información encontrada: port. (traducción del alemán por L. Luzuriaga)
670 ## - FUENTE DE DATOS ENCONTRADOS
- Cita de la fuente: Espasa
- Información encontrada: (Luzuriaga y Medina, Lorenzo; pedagogo y escritor español; n. en Valdepeñas (Ciudad Real) en 1889 y m. en Buenos Aires en 1959)
678 ## - DATOS BIOGRÁFICOS O HISTÓRICOS
- Datos biográficos o históricos: Socio del Ateneo de Madrid
- Ampliación de la nota: Fuente: Web del Ateneo
